WWE Premium-Live-Event (PLE) Main Event - 2024 - Statistics

Statistiche generali
  • Questo quiz è stato fatto 44 volte
  • Il punteggio medio è 15 su 22
Statistiche sulle risposte
Answare % Corretto
Roman Reigns
87%
Seth Rollins
87%
Jey Uso
84%
Solo Sikoa
84%
Jimmy Uso
77%
Randy Orton
77%
Sami Zayn
77%
Cm Punk
74%
Drew McIntyre
71%
Gunther
71%
The Rock
71%
Rhea Ripley
68%
Tama Tonga
68%
Jacob Fatu
65%
Kevin Owens
61%
Tonga Loa
61%
Aj Styles
58%
Bronson Reed
58%
Damien Priest
52%
Nia Jax
48%
Logan Paul
42%
Cody Rodes
32%
Nessun quiz corrispondente trovato
Distribuzione punteggi
Percentuale di utenti per punteggio
Percentile per numero di risposta
I tuoi punteggi nel tempo
Non hai fatto questo quiz